Đời sống xã hội Việt Nam đương đại
Tìm hiểu cụ thể tình cảnh sống của người công nhân, về thân phận, rủi ro, chiến lược sống và hy vọng đổi đời của họ
Na minha lista:
| Autor principal: | |
|---|---|
| Formato: | Livro |
| Idioma: | Undetermined |
| Publicado em: |
Hà Nội
Tri thức
2015
|
| Assuntos: | |
| Tags: |
Adicionar Tag
Sem tags, seja o primeiro a adicionar uma tag!
|
| Thư viện lưu trữ: | Trung tâm Học liệu Trường Đại học Cần Thơ |
|---|
| LEADER | 00854nam a2200217Ia 4500 | ||
|---|---|---|---|
| 001 | CTU_215552 | ||
| 008 | 210402s9999 xx 000 0 und d | ||
| 020 | |c 80000 | ||
| 082 | |a 330.9597 | ||
| 082 | |b L451/T.1 | ||
| 100 | |a Nguyễn, Đức Lộc | ||
| 245 | 0 | |a Đời sống xã hội Việt Nam đương đại | |
| 245 | 0 | |c Nguyễn Đức Lộc (chủ biên) | |
| 260 | |a Hà Nội | ||
| 260 | |b Tri thức | ||
| 260 | |c 2015 | ||
| 520 | |a Tìm hiểu cụ thể tình cảnh sống của người công nhân, về thân phận, rủi ro, chiến lược sống và hy vọng đổi đời của họ | ||
| 650 | |a Economic condition,Điều kiện kinh tế | ||
| 650 | |z Vietnam,Việt Nam | ||
| 904 | |i Nguyên | ||
| 980 | |a Trung tâm Học liệu Trường Đại học Cần Thơ | ||